000 00636nam a2200277Ia 4500
005 20260324141039.0
008 008 260324s9999 xx 000 0 eng d
020 _a9781315037677
037 _aEBOOK
040 _aCRL
040 _beng
040 _cCRL
041 _2eng
041 _aeng
084 _qCRL
100 _aMoshe Gat
_91206719
245 4 _aThe Jewish Exodus from Iraq, 1948-1951
260 _bTaylor and Francis
260 _c1997
365 _a
365 _b230
856 _uhttp://www.taylorfrancis.com/books/9781315037677
942 _cEBOOK
999 _c1809397
_d1809397